Latin Amerika edebiyatı öykü seçkisi / (Record no. 13008)

MARC details
000 -BAŞLIK
Sabit Uzunlukta Kontrol Alanı 00775nam a22002057a 4500
999 ## - SİSTEM KONTROL NUMARALARI (KOHA)
Koha Biblionumber 13008
Koha Biblioitemnumber 13008
003 - KONTROL NUMARASI IDENTIFIER
Denetim Alanı MIRAKIL
005 - SON İŞLEM TARİHİ VE ZAMANI
Denetim Alanı 20190321164405.0
008 - SABİT-BOY VERİ ELEMANLARI - GENEL BİLGİLER
Sabit Uzunlukta Kontrol Alanı 190321b tu ||||| |||| 00| 0 tur d
020 ## - ULUSLARARASI STANDART KİTAP NUMARASI
Uluslararası Standart Kitap Numarası 9789751731203
040 ## - KATALOGLAMA KAYNAK
Orijinal Kataloglama Ajansı TR-AnCHP
Metne Dönüştürmek Ajansı TR-AnCHP
041 ## - DİL KODU
Metin / Ses Parça Veya Ayrı Başlığın Dil Kodu tur
082 ## - DEWEY ONLU SINIFLANDIRMA NUMARASI
Sınıflandırma Numarası 868.99303008
Ürün Numarası L27 2004
245 10 - BAŞLIK TABLOSU
Başlık Latin Amerika edebiyatı öykü seçkisi /
Sorumluluk Tablosu, Vb hazzırlayan Yıldız Ersoy Canpolat.
260 ## - YAYIN, DAĞITIM, VB
Yayın, Dağıtım, Vb Yeri Ankara:
Yayıncı, Dağıtıcı, Vs Adı Kültür ve Turizm Bakanlığı,
Yayın, Dağıtım, Vb Tarihi 2004.
300 ## - FİZİKSEL TANIM
Kapsam 201 s.:
Boyutlar 20 sm.
490 0# - SERİSİ TABLOSU
Seri Beyanı Kültür ve Turizm Bakanlığı yayınları ;
-- Kütüphaneler ve Yayımlar Genel Müdürlüğü dünya edebiyatı eserleri dizisi ;
Hacim / Ardışık Tanımı 3010.
-- 84.
650 #0 - KONU KATMA GİRİŞ - TOPİKAL DÖNEM
9 (RLIN) 5533
Topikal Süreli Veya Coğrafi Ad Giriş Elemanı Latin Amerika edebiyatı
Genel Alt Bölümü hikayeler
700 ## - KATMA GİRİŞ - KİŞİSEL İSİM
9 (RLIN) 5534
Kişisel Ad Canppolat, Yıldız Ersoy
Relator Terim haz.
942 ## - EKLENDİ GİRİŞ ELEMANLARI (KOHA)
Sınıflandırma Veya Raf Düzeni Kaynak Dewey Decimal Classification
Koha Öğesi Türü Books
Holdings
Kalıcı Konum Mevcut Konum Edinme Tarihi Edinim Kaynak Toplam Check-Out'Lar Tam Çağrı Numarası Barkod Tarih Son Görülme İtibaren Geçerli Fiyatlar Koha Öğesi Türü
CHP Kütüphanesi CHP Kütüphanesi 03/21/2019 Bağış   868.99303008 L27 2004 019066 03/21/2019 03/21/2019 Books